00696nam a2200181 i 450000100060000000300090000600500170001500700030003200800410003524501310007626000370020730000350024470000340027970000300031385200320034399900170037595201220039297029ES-MaACL20230906182026.0t|050705s1966 sp ||||1| spa d00aManual de laboratorio para Química b: una ciencia experimental /c[versión Rafael Usón; revisada por Agustín Ripoll]. aBarcelona : bReverté, c1966. aXIV, 159 p. : bil. ; c25 cm.1 aUsón Lacal, Rafael.91123111 aRipoll, Agustín.997422 aES-MaACLjC-32347 bR.62580 c97029d97029 00104070aATENEOMbATENEOMcDEPO2d2008-01-17eSCl0oC-32347p1101300r2023-02-23 00:00:00w2023-02-23yMONOGRAFIA